<?xml version="1.0" encoding="UTF-8"?><?xml-stylesheet type="text/xsl" href="static/style.xsl"?><OAI-PMH xmlns="http://www.openarchives.org/OAI/2.0/" xmlns:xsi="http://www.w3.org/2001/XMLSchema-instance" xsi:schemaLocation="http://www.openarchives.org/OAI/2.0/ http://www.openarchives.org/OAI/2.0/OAI-PMH.xsd"><responseDate>2026-06-01T05:32:55Z</responseDate><request verb="GetRecord" identifier="oai:riuma.uma.es:10630/7499" metadataPrefix="marc">https://riuma.uma.es/rest/oai/request</request><GetRecord><record><header><identifier>oai:riuma.uma.es:10630/7499</identifier><datestamp>2026-02-03T11:51:18Z</datestamp><setSpec>com_10630_2254</setSpec><setSpec>col_10630_37959</setSpec></header><metadata><record xmlns="http://www.loc.gov/MARC21/slim" xmlns:dcterms="http://purl.org/dc/terms/" xmlns:doc="http://www.lyncode.com/xoai" xmlns:xsi="http://www.w3.org/2001/XMLSchema-instance" xsi:schemaLocation="http://www.loc.gov/MARC21/slim http://www.loc.gov/standards/marcxml/schema/MARC21slim.xsd">
   <leader>00925njm 22002777a 4500</leader>
   <datafield ind2=" " ind1=" " tag="042">
      <subfield code="a">dc</subfield>
   </datafield>
   <datafield ind2=" " ind1=" " tag="720">
      <subfield code="a">Cancelo-Sanmartín, María de las Mercedes</subfield>
      <subfield code="e">author</subfield>
   </datafield>
   <datafield ind2=" " ind1=" " tag="720">
      <subfield code="a">Gabino-Campos, María Auxiliadora</subfield>
      <subfield code="e">author</subfield>
   </datafield>
   <datafield ind2=" " ind1=" " tag="260">
      <subfield code="c">2014-05-12</subfield>
   </datafield>
   <datafield ind2=" " ind1=" " tag="520">
      <subfield code="a">La presente investigación posee el objetivo de determinar sí la Iglesia Católica ha incluido en su plan de comunicación la utilización de las nuevas tecnologías. Asimismo, si la implementación de las mismas se ajusta a lo que podríamos denominar un uso “profesional y competitivo organizacionalmente de los recursos on-line”.&#xd;
La comunicación institucional debe dar respuesta a las demandas sociales. Entendiendo como la primordial la instalación del diálogo social que integre simétricamente a los diferentes interlocutores civiles. En este sentido, la utilización de las nuevas tecnologías es la pieza clave que ofrece la posibilidad de modificar los mensajes institucionales unilaterales en la bidireccionalidad que el entorno demanda. Internet permite según Castells (2013) “que la información llegue en tiempo real y se continúe procesando en tiempo real; es decir, es un medio de comunicación masivo, continuo e interactivo al que pueden acceder distintos usuarios planteando preguntas, criticando, debatiendo”.</subfield>
   </datafield>
   <datafield ind1="8" ind2=" " tag="024">
      <subfield code="a">http://hdl.handle.net/10630/7499</subfield>
   </datafield>
   <datafield tag="653" ind2=" " ind1=" ">
      <subfield code="a">Iglesia</subfield>
   </datafield>
   <datafield tag="653" ind2=" " ind1=" ">
      <subfield code="a">Medios de comunicación social</subfield>
   </datafield>
   <datafield ind2="0" ind1="0" tag="245">
      <subfield code="a">Apropiación de Internet por la Iglesia Católica. Análisis comparativo de sitios oficiales de las diócesis de España y México</subfield>
   </datafield>
</record>
</metadata></record></GetRecord></OAI-PMH>